History Quiz

Random History or Clickable Quiz

20th Century Figures by Category Quiz Stats

 Plays Quiz Updated Aug 12, 2015

Challenge
Share
Tweet
Embed
Score 0/30 Timer 06:00
1 Play Today
% Correct
Joseph Stalin
94.4%
Vladimir Lenin
93.3%
Nikita Khrushchev
90.5%
George Patton
88.4%
Mother Teresa
88%
Nelson Mandela
84%
Erwin Rommel
81.9%
Woodrow Wilson
80.3%
Idi Amin
80%
Muammar al-Gaddafi
78.7%
Robert Mugabe
77.6%
Frank Lloyd Wright
75.8%
Desmond Tutu
71.6%
John Maynard Keynes
71.5%
Wilbur Wright
69.8%
% Correct
Ansel Adams
69.3%
Milton Friedman
66.4%
Georges Clemenceau
65.2%
Howard Hughes
61.9%
Aung San Suu Kyi
59.9%
David Lloyd George
57.2%
Lech Wałęsa
56.2%
I. M. Pei
52.7%
Wernher von Braun
49.4%
Antoni Gaudí
48.5%
Dorothea Lange
47.6%
Alfred Stieglitz
40%
Rigoberta Menchú
39.7%
Georgy Zhukov
39.6%
Friedrich Hayek
32.6%

You're not logged in!

Compare scores with friends on all Sporcle quizzes.
Join for Free
OR
Log In

You Might Also Like...

Show Comments

Extras

Top Quizzes Today


Score Distribution

Your Account Isn't Verified!

In order to create a playlist on Sporcle, you need to verify the email address you used during registration. Go to your Sporcle Settings to finish the process.

Report this User

Report this user for behavior that violates our Community Guidelines.

Details: